Chemical thermodynamics (Record no. 20444)

MARC details
000 -LEADER
fixed length control field 00307nam a2200121Ia 4500
082 ## - DEWEY DECIMAL CLASSIFICATION NUMBER
Classification number 541.124
Item number KIR
100 ## - MAIN ENTRY--AUTHOR NAME
Personal name Kirkwood, John G
245 #0 - TITLE STATEMENT
Title Chemical thermodynamics
260 ## - PUBLICATION, DISTRIBUTION, ETC. (IMPRINT)
Place of publication New York
Name of publisher McGraw Hill
Year of publication 1961
700 ## - ADDED ENTRY--PERSONAL NAME
Personal name Oppenheim, Irwin
942 ## - ADDED ENTRY ELEMENTS (KOHA)
Koha item type Books
Holdings
Withdrawn status Lost status Damaged status Not for loan Home library Current library Date acquired Cost, normal purchase price Full call number Accession Number Koha item type
        RRII Library RRII Library 16/12/2021 8.95 541.124 KIR 01170 Books